[Event "21. Copenhagen Open  (Politiken Cup)"]
[Site "Copenhagen"]
[Date "1999.07.13"]
[Round "10"]
[White "Ori, Marco"]
[Black "Tjornsted, Peter"]
[Result "1-0"]
[WhiteElo "2068"]
[BlackElo "1837"]
[PlyCount "53"]
[EventDate "1999.07.03"]
[EventType "swiss"]
[EventRounds "11"]
[EventCountry "DEN"]
[SourceDate "2004.01.01"]

1. e4 d6 2. d4 g6 3. Nc3 Bg7 4. h3 Nd7 5. Nf3 c6 6. a4 e5 7. dxe5 Nxe5 8. Nxe5
dxe5 9. Qxd8+ Kxd8 10. Bc4 Ke7 11. Be3 Nf6 12. Bc5+ Ke8 13. Bd6 Nd7 14. a5 Bf8
15. O-O-O Bxd6 16. Rxd6 Ke7 17. Rhd1 Nc5 18. a6 Rb8 19. axb7 Bxb7 20. b4 Ne6
21. Rd7+ Kf6 22. Bxe6 fxe6 23. Rc7 Ba8 24. Rdd7 Rxb4 25. h4 Rf8 26. Rxh7 Rc4
27. g4 1-0

[Event "21. Copenhagen Open  (Politiken Cup)"]
[Site "Copenhagen"]
[Date "1999.07.13"]
[Round "10"]
[White "Palo, Davor"]
[Black "Gabrielsen, Stig"]
[Result "1/2-1/2"]
[WhiteElo "2141"]
[BlackElo "2295"]
[PlyCount "145"]
[EventDate "1999.07.03"]
[EventType "swiss"]
[EventRounds "11"]
[EventCountry "DEN"]
[SourceDate "2004.01.01"]

1. d4 Nf6 2. c4 g6 3. Nc3 Bg7 4. e4 d6 5. f3 O-O 6. Be3 c5 7. Nge2 Nc6 8. Qd2
Qa5 9. d5 Ne5 10. Nc1 a6 11. Be2 Bd7 12. h3 b5 13. O-O Nxc4 14. Bxc4 bxc4 15.
Bh6 Rfb8 16. Bxg7 Kxg7 17. Rf2 Rb6 18. N1e2 Rab8 19. Rb1 Ne8 20. f4 Nc7 21. Kh2
f6 22. g4 Nb5 23. e5 dxe5 24. fxe5 fxe5 25. Qg5 Rf6 26. Qxe5 Qc7 27. Qxc7 Rxf2+
28. Kg1 Nxc7 29. Kxf2 Be8 30. Ne4 Nxd5 31. Nxc5 Kf6 32. b3 cxb3 33. axb3 Rb5
34. Ne4+ Ke5 35. N4c3 Nxc3 36. Nxc3 Rb7 37. Ke3 g5 38. b4 Bc6 39. Ra1 Rb6 40.
Ra5+ Kf6 41. Rf5+ Kg6 42. Re5 Bg2 43. Rxe7 Bxh3 44. Re4 Bg2 45. Rc4 Rf6 46. Rd4
h5 47. gxh5+ Kxh5 48. b5 axb5 49. Nxb5 g4 50. Rd8 Kh4 51. Nd4 Bf1 52. Ke4 Kg3
53. Nf5+ Kf2 54. Rg8 Bh3 55. Rb8 Re6+ 56. Kf4 Re2 57. Rb3 Ra2 58. Rb4 Rd2 59.
Ra4 Rb2 60. Rd4 Kg1 61. Rd1+ Kh2 62. Rd3 Rf2+ 63. Kg5 Bf1 64. Re3 Bh3 65. Ra3
Rb2 66. Rc3 Rb4 67. Rc2+ Kg1 68. Rc3 Re4 69. Rc1+ Kf2 70. Rc2+ Ke1 71. Rc3 Kd2
72. Ra3 Kc2 73. Rg3 1/2-1/2

[Event "21. Copenhagen Open  (Politiken Cup)"]
[Site "Copenhagen"]
[Date "1999.07.13"]
[Round "10"]
[White "Pedersen, Bent O"]
[Black "Jonkman, Harmen"]
[Result "0-1"]
[WhiteElo "1702"]
[BlackElo "2421"]
[PlyCount "54"]
[EventDate "1999.07.03"]
[EventType "swiss"]
[EventRounds "11"]
[EventCountry "DEN"]
[SourceDate "2004.01.01"]

1. e4 e5 2. Nf3 Nc6 3. Bb5 f5 4. Nc3 fxe4 5. Nxe4 Nf6 6. Nxf6+ Qxf6 7. Qe2 Be7
8. Bxc6 dxc6 9. Nxe5 Bf5 10. d4 O-O-O 11. Be3 Bd6 12. f4 Bxe5 13. dxe5 Qg6 14.
Rc1 h5 15. Qf2 h4 16. h3 Rd5 17. Rg1 Qh7 18. c4 Rdd8 19. Rd1 Be6 20. b3 Rxd1+
21. Kxd1 Qb1+ 22. Ke2 Qxa2+ 23. Kf3 Qxb3 24. Ra1 Bxc4 25. Rxa7 Qd1+ 26. Ke4
Bd5+ 27. Kf5 Qh5# 0-1

[Event "21. Copenhagen Open  (Politiken Cup)"]
[Site "Copenhagen"]
[Date "1999.07.13"]
[Round "10"]
[White "Pedersen, Kaj Vinding"]
[Black "Clausen, Mikkel"]
[Result "0-1"]
[WhiteElo "1497"]
[BlackElo "1787"]
[PlyCount "79"]
[EventDate "1999.07.03"]
[EventType "swiss"]
[EventRounds "11"]
[EventCountry "DEN"]
[SourceDate "2004.01.01"]

1. d4 d5 2. Nf3 Nf6 3. c4 c6 4. e3 e6 5. Nc3 Nbd7 6. Be2 dxc4 7. Bxc4 b5 8. Be2
a6 9. O-O c5 10. dxc5 Bxc5 11. a3 Qc7 12. Bd2 Bb7 13. Rc1 Qb8 14. Qc2 O-O 15.
Ne1 Rc8 16. Qd1 Rd8 17. Qc2 Qa7 18. Bf3 Rac8 19. Bxb7 Qxb7 20. b4 Bd6 21. Nf3
Nb6 22. Qa2 Nc4 23. Rfd1 e5 24. Be1 Nd7 25. Nb1 Ndb6 26. Qe2 Qe4 27. h3 h6 28.
Nfd2 Qg6 29. f3 Nb2 30. Bh4 Nxd1 31. Rxc8 Rxc8 32. Qxd1 Qc2 33. Qxc2 Rxc2 34.
e4 Nc4 35. Be1 Nxd2 36. Nxd2 Ra2 37. Nb3 Rxa3 38. Na5 Ra1 39. Kf2 Rxe1 40. Kxe1
0-1

[Event "21. Copenhagen Open  (Politiken Cup)"]
[Site "Copenhagen"]
[Date "1999.07.13"]
[Round "10"]
[White "Pedersen, Steen"]
[Black "Preuss, Flemming"]
[Result "0-1"]
[WhiteElo "1677"]
[BlackElo "2078"]
[PlyCount "106"]
[EventDate "1999.07.03"]
[EventType "swiss"]
[EventRounds "11"]
[EventCountry "DEN"]
[SourceDate "2004.01.01"]

1. e4 c5 2. Nf3 Nc6 3. d4 cxd4 4. Nxd4 Nf6 5. Nc3 e5 6. Ndb5 d6 7. Bg5 a6 8.
Na3 b5 9. Nd5 Be7 10. Bxf6 Bxf6 11. c3 O-O 12. Nc2 Bg5 13. h4 Bh6 14. Qh5 f5
15. g4 fxg4 16. Be2 Ne7 17. Nce3 Bxe3 18. Nxe3 Ng6 19. Nf5 Nf4 20. Qxg4 Bxf5
21. exf5 Qf6 22. Bf3 d5 23. O-O-O Rad8 24. Rd2 Qxf5 25. Qxf5 Rxf5 26. Rhd1 e4
27. Bxe4 Rh5 28. Bf3 Rxh4 29. Bxd5+ Nxd5 30. Rxd5 Rxd5 31. Rxd5 Rf4 32. Rd2 h5
33. Kd1 h4 34. Ke1 Kf7 35. Kf1 Ke6 36. Kg2 g5 37. Kh3 Ke5 38. Kg2 g4 39. Kh2
Ke4 40. Kg2 Rf3 41. Rd4+ Kf5 42. Rd5+ Kf4 43. Rd4+ Kg5 44. Rd5+ Rf5 45. Rd2 h3+
46. Kg3 Rf3+ 47. Kh2 Kh4 48. Re2 a5 49. Rd2 a4 50. a3 Rxf2+ 51. Rxf2 g3+ 52.
Kg1 gxf2+ 53. Kxf2 Kg4 0-1

[Event "21. Copenhagen Open  (Politiken Cup)"]
[Site "Copenhagen"]
[Date "1999.07.13"]
[Round "10"]
[White "Peelen, Piet"]
[Black "Rossen, Claus"]
[Result "1-0"]
[WhiteElo "2382"]
[BlackElo "2184"]
[PlyCount "99"]
[EventDate "1999.07.03"]
[EventType "swiss"]
[EventRounds "11"]
[EventCountry "DEN"]
[SourceDate "2004.01.01"]

1. d4 d6 2. Nf3 g6 3. e4 Bg7 4. Nc3 Nf6 5. Be3 c6 6. a4 Qa5 7. Bd3 Nbd7 8. O-O
O-O 9. Nd2 e5 10. Nc4 Qc7 11. dxe5 Nxe5 12. Nxe5 dxe5 13. Qe2 Be6 14. Bc4 Qe7
15. Rfd1 b6 16. Bxe6 Qxe6 17. f3 Rfe8 18. a5 b5 19. Na2 Bf8 20. Nc1 Nd7 21. Nb3
a6 22. Qf2 Qe7 23. Rd3 Rac8 24. Rad1 Nb8 25. Bc5 Qe6 26. Bxf8 Rxf8 27. Qc5 f6
28. Qd6 Kf7 29. Qxe6+ Kxe6 30. Nc5+ Ke7 31. h4 Rc7 32. Rd6 Kf7 33. Kf2 Re8 34.
Kg3 Ra7 35. Rd8 Ke7 36. R8d6 Kf7 37. b4 Rc8 38. Rd8 Rac7 39. R8d6 Re8 40. R1d2
h5 41. Kf2 Rce7 42. g4 Rh8 43. Kg3 g5 44. Rh2 hxg4 45. hxg5 Rxh2 46. Rxf6+ Kg8
47. Kxh2 gxf3 48. Kg3 Rh7 49. Rd6 Rf7 50. Rd8+ 1-0

[Event "21. Copenhagen Open  (Politiken Cup)"]
[Site "Copenhagen"]
[Date "1999.07.13"]
[Round "10"]
[White "Petersen, Lars"]
[Black "Dalso, Harry"]
[Result "1/2-1/2"]
[WhiteElo "2096"]
[BlackElo "1731"]
[PlyCount "80"]
[EventDate "1999.07.03"]
[EventType "swiss"]
[EventRounds "11"]
[EventCountry "DEN"]
[SourceDate "2004.01.01"]

1. d4 Nf6 2. Nf3 g6 3. Bf4 Bg7 4. e3 d6 5. h3 c6 6. Bd3 O-O 7. c3 Qb6 8. Qc2
Nbd7 9. Nbd2 Qc7 10. Bh2 b5 11. a4 Qb6 12. axb5 cxb5 13. b4 Bb7 14. Nb3 Bxf3
15. gxf3 Rfc8 16. Be4 Nxe4 17. fxe4 Qc6 18. Kd2 Nb6 19. Na5 Nc4+ 20. Nxc4 Qxc4
21. Qd3 Qc6 22. Bg3 Qb7 23. Ra5 a6 24. Rha1 Rc6 25. R1a3 Bf6 26. Qb1 e6 27. Ra2
Qc8 28. Qa1 Qb7 29. R5a3 d5 30. e5 Be7 31. f3 Rac8 32. Kd3 a5 33. Qb2 Qc7 34.
Be1 axb4 35. cxb4 Rc1 36. Rc3 Rxc3+ 37. Qxc3 Qc4+ 38. Qxc4 Rxc4 39. Rb2 Kg7 40.
Bd2 f6 1/2-1/2

[Event "21. Copenhagen Open  (Politiken Cup)"]
[Site "Copenhagen"]
[Date "1999.07.13"]
[Round "10"]
[White "Petersen, Nils"]
[Black "Hansen, Soren Asger"]
[Result "1-0"]
[WhiteElo "2067"]
[BlackElo "1683"]
[PlyCount "95"]
[EventDate "1999.07.03"]
[EventType "swiss"]
[EventRounds "11"]
[EventCountry "DEN"]
[SourceDate "2004.01.01"]

1. c4 Nf6 2. Nc3 g6 3. e4 d6 4. d3 Bg7 5. h3 e5 6. Be3 c6 7. Qd2 Nbd7 8. Bh6
O-O 9. Bxg7 Kxg7 10. g4 Nc5 11. Bg2 Ne6 12. Nge2 a6 13. O-O g5 14. Ng3 Nf4 15.
Nce2 c5 16. Nxf4 gxf4 17. Nf5+ Bxf5 18. exf5 Rb8 19. g5 Ne8 20. f6+ Kh8 21. Qe2
Rg8 22. Qh5 Nxf6 23. gxf6 Qxf6 24. Qf3 b5 25. b3 Qh4 26. Kh2 f5 27. Rae1 bxc4
28. bxc4 Rb2 29. Re2 Rgb8 30. Rg1 R2b6 31. Bh1 Re8 32. Qg2 Qh6 33. Qg5 Qxg5 34.
Rxg5 Rf8 35. Bd5 h6 36. Rg1 Rbb8 37. f3 Rf6 38. Reg2 a5 39. Rg8+ Rxg8 40. Rxg8+
Kh7 41. Ra8 Kg6 42. Rxa5 Kg5 43. Ra8 Rg6 44. Rg8 Rxg8 45. Bxg8 e4 46. dxe4 fxe4
47. fxe4 Kf6 48. a4 1-0

[Event "21. Copenhagen Open  (Politiken Cup)"]
[Site "Copenhagen"]
[Date "1999.07.13"]
[Round "10"]
[White "Petersen, Peter Birk"]
[Black "Poulsen, Martin"]
[Result "1-0"]
[WhiteElo "2205"]
[BlackElo "1775"]
[PlyCount "83"]
[EventDate "1999.07.03"]
[EventType "swiss"]
[EventRounds "11"]
[EventCountry "DEN"]
[SourceDate "2004.01.01"]

1. e4 c5 2. Nc3 Nc6 3. g3 g6 4. Bg2 Bg7 5. d3 d6 6. f4 e6 7. Nf3 Nge7 8. O-O
O-O 9. Be3 Rb8 10. Rb1 b5 11. a3 b4 12. axb4 cxb4 13. Ne2 d5 14. e5 f6 15. exf6
Bxf6 16. Bc5 Re8 17. d4 Nf5 18. Ne5 Bxe5 19. dxe5 g5 20. Ra1 gxf4 21. Nxf4 Rb5
22. Bf2 Ng7 23. Nh5 Nxh5 24. Qxh5 Re7 25. Be3 Rg7 26. Bh6 Rbb7 27. Bxg7 Rxg7
28. Rf6 a6 29. Raf1 Ne7 30. Rf7 Ng6 31. Rxg7+ Kxg7 32. Qg4 Qc7 33. h4 h5 34.
Qxh5 Qxe5 35. Qg4 Kh6 36. Kh2 Qh5 37. Qxb4 e5 38. Qd2+ Nf4 39. gxf4 Qxh4+ 40.
Kg1 Bh3 41. fxe5+ Kg7 42. Qf2 1-0

[Event "21. Copenhagen Open  (Politiken Cup)"]
[Site "Copenhagen"]
[Date "1999.07.13"]
[Round "10"]
[White "Petersen, Steen"]
[Black "Hardarson, Robert"]
[Result "0-1"]
[WhiteElo "2166"]
[BlackElo "2331"]
[PlyCount "94"]
[EventDate "1999.07.03"]
[EventType "swiss"]
[EventRounds "11"]
[EventCountry "DEN"]
[SourceDate "2004.01.01"]

1. e4 e5 2. Nf3 Nc6 3. d4 exd4 4. Nxd4 Nf6 5. Nxc6 bxc6 6. Bd3 d5 7. Nc3 Bb4 8.
exd5 cxd5 9. O-O O-O 10. Bg5 c6 11. Qf3 Bd6 12. Rae1 Rb8 13. Nd1 h6 14. Bxf6
Qxf6 15. Qxf6 gxf6 16. Re2 Kg7 17. Rfe1 Be6 18. c3 f5 19. g3 f4 20. Kg2 Kf6 21.
h3 h5 22. g4 hxg4 23. hxg4 Bxg4 24. f3 Be6 25. Bh7 Rh8 26. Rh1 Bc5 27. Nf2 Bxf2
28. Rxf2 d4 29. cxd4 Bxa2 30. Rh2 Rbd8 31. Be4 Rhg8+ 32. Kf1 Bc4+ 33. Ke1 Rxd4
34. Rc2 c5 35. Rh6+ Ke7 36. Rc6 Bb3 37. Re2 Rd1+ 38. Kf2 Be6 39. Rxc5 Rgg1 40.
Rec2 Rgf1+ 41. Kg2 Kf6 42. b4 Rh1 43. Rc6 Ke7 44. Rxe6+ Kxe6 45. Rc6+ Ke5 46.
Rc7 Rdg1+ 47. Kf2 Rc1 0-1

[Event "21. Copenhagen Open  (Politiken Cup)"]
[Site "Copenhagen"]
[Date "1999.07.13"]
[Round "10"]
[White "Rasmussen, Casper Dahl"]
[Black "Jensen, Henrik W"]
[Result "1-0"]
[WhiteElo "2240"]
[BlackElo "2098"]
[PlyCount "47"]
[EventDate "1999.07.03"]
[EventType "swiss"]
[EventRounds "11"]
[EventCountry "DEN"]
[SourceDate "2004.01.01"]

1. e4 e5 2. Nf3 Nc6 3. d4 exd4 4. Nxd4 Bc5 5. Be3 Qf6 6. c3 Nge7 7. Bc4 Ne5 8.
Be2 d6 9. f4 Ng4 10. Bxg4 Qh4+ 11. Bf2 Qxg4 12. Qxg4 Bxg4 13. f5 Bxd4 14. cxd4
f6 15. Nc3 a6 16. Rc1 Bh5 17. h3 Bf7 18. g4 g6 19. Bh4 g5 20. Bg3 O-O 21. Kf2
Rac8 22. h4 Rfd8 23. hxg5 fxg5 24. Rh6 1-0

[Event "21. Copenhagen Open  (Politiken Cup)"]
[Site "Copenhagen"]
[Date "1999.07.13"]
[Round "10"]
[White "Rasmussen, Morten Fredsgaard"]
[Black "Rosenberg, Jan"]
[Result "1-0"]
[WhiteElo "1771"]
[BlackElo "1624"]
[PlyCount "131"]
[EventDate "1999.07.03"]
[EventType "swiss"]
[EventRounds "11"]
[EventCountry "DEN"]
[SourceDate "2004.01.01"]

1. f4 e5 2. fxe5 d6 3. Nf3 Nc6 4. exd6 Bxd6 5. e4 Bg4 6. Bb5 Bd7 7. d3 a6 8.
Ba4 b5 9. Bb3 Bg4 10. Bxf7+ Kd7 11. Bxg8 Rxg8 12. Be3 Ne5 13. Nxe5+ Bxe5 14.
Qxg4+ Kc6 15. Qe6+ Bd6 16. e5 Re8 17. Qg4 Rxe5 18. Qf3+ Kd7 19. O-O Qe7 20. Bf4
Bc5+ 21. Kh1 Rf8 22. Nd2 Ref5 23. Qg4 h5 24. Qg3 Qf7 25. Nf3 Kc8 26. Bd2 g5 27.
Bxg5 Rg8 28. h4 Bd6 29. Qe1 Re8 30. Qc3 Re2 31. Rae1 Rxe1 32. Qxe1 Qd5 33. Qe8+
Kb7 34. Qe4 Qxe4 35. dxe4 Rc5 36. Nd4 Rc4 37. c3 b4 38. Nf5 Be5 39. Ne3 Rxe4
40. Nd5 bxc3 41. Nxc3 Rb4 42. Re1 Bd4 43. Re2 Bh8 44. g3 Kc6 45. Bf4 Kd7 46.
Bxc7 Bxc3 47. bxc3 Rb1+ 48. Kg2 Kxc7 49. Rc2 a5 50. c4 a4 51. Kf3 Rf1+ 52. Ke4
Kc6 53. c5 Rf6 54. Rc3 Rg6 55. Kf3 Rg4 56. Re3 Kxc5 57. Re5+ Kb4 58. Rxh5 Rc4
59. Re5 Rc2 60. Re2 Kc3 61. Rxc2+ Kxc2 62. h5 a3 63. h6 Kb1 64. h7 Kxa2 65.
h8=Q Kb3 66. Qa1 1-0

[Event "21. Copenhagen Open  (Politiken Cup)"]
[Site "Copenhagen"]
[Date "1999.07.13"]
[Round "10"]
[White "Raunkjaer, Jonas"]
[Black "Brantzeg, Pal"]
[Result "1-0"]
[WhiteElo "1607"]
[BlackElo "1476"]
[PlyCount "43"]
[EventDate "1999.07.03"]
[EventType "swiss"]
[EventRounds "11"]
[EventCountry "DEN"]
[SourceDate "2004.01.01"]

1. e4 e6 2. d4 d5 3. Nd2 Nf6 4. e5 Nfd7 5. Ndf3 c5 6. c3 Nc6 7. Bb5 cxd4 8.
Bxc6 bxc6 9. cxd4 Ba6 10. Be3 Bb4+ 11. Bd2 Be7 12. Ne2 Rc8 13. O-O Qb6 14. Bc3
O-O 15. Qd2 c5 16. Rfc1 f6 17. exf6 Nxf6 18. Ng3 Ne4 19. Nxe4 dxe4 20. Ne5 Rcd8
21. Ba5 Rxd4 22. Qxd4 {time} 1-0

[Event "21. Copenhagen Open  (Politiken Cup)"]
[Site "Copenhagen"]
[Date "1999.07.13"]
[Round "10"]
[White "Rubeksen, Thomas H"]
[Black "Jorgensen, Morten"]
[Result "1/2-1/2"]
[WhiteElo "1050"]
[BlackElo "1151"]
[PlyCount "131"]
[EventDate "1999.07.03"]
[EventType "swiss"]
[EventRounds "11"]
[EventCountry "DEN"]
[SourceDate "2004.01.01"]

1. c4 Nf6 2. Nc3 g6 3. g3 Bg7 4. Bg2 c6 5. Nf3 O-O 6. O-O d5 7. cxd5 Nxd5 8.
Nxd5 cxd5 9. d4 Qb6 10. e3 Nc6 11. b3 Bf5 12. Bb2 Rac8 13. Nh4 Be6 14. Re1 f5
15. f4 Rfd8 16. Qd2 Nb4 17. Bc3 Nc6 18. Rac1 a6 19. Nf3 h6 20. Ne5 Bxe5 21.
fxe5 Kg7 22. Kf2 Bf7 23. Bf3 e6 24. g4 fxg4 25. Bxg4 Rg8 26. Rg1 Qd8 27. Ke2
Kf8 28. Rgf1 Ke8 29. Rf6 Qd7 30. Rcf1 Nd8 31. Ba5 b6 32. Bc3 Qc6 33. Rc1 Qd7
34. Bb2 h5 35. Bf3 g5 36. h3 Rxc1 37. Qxc1 Qb5+ 38. Kf2 Qd7 39. Qd1 Rh8 40. Qg1
Rg8 41. Rh6 h4 42. Rf6 Qc6 43. Qc1 Qxc1 44. Bxc1 Rg6 45. Rxg6 Bxg6 46. Be2 b5
47. a4 Bf5 48. axb5 axb5 49. Bxb5+ Ke7 50. Kg2 Be4+ 51. Kh2 Nb7 52. Ba3+ Kd8
53. b4 Kc7 54. Ba6 Bc2 55. Bxb7 Kxb7 56. b5 Kb6 57. Be7 Kxb5 58. Bxg5 Kc4 59.
Bxh4 Kd3 60. Bg5 Ke4 61. Kg3 Kf5 62. Bf4 Kg6 63. Kg4 Bf5+ 64. Kh4 Kh7 65. Kg5
Bxh3 66. Kf6 1/2-1/2

[Event "21. Copenhagen Open  (Politiken Cup)"]
[Site "Copenhagen"]
[Date "1999.07.13"]
[Round "10"]
[White "Ronsted, Torben"]
[Black "Lyell, Mark"]
[Result "0-1"]
[WhiteElo "1915"]
[BlackElo "2238"]
[PlyCount "70"]
[EventDate "1999.07.03"]
[EventType "swiss"]
[EventRounds "11"]
[EventCountry "DEN"]
[SourceDate "2004.01.01"]

1. d4 f5 2. g3 g6 3. h4 Bg7 4. h5 Nc6 5. c3 d6 6. hxg6 hxg6 7. Rxh8 Bxh8 8. Bg2
e5 9. Qb3 Nf6 10. Bxc6+ bxc6 11. dxe5 dxe5 12. Bg5 Qd5 13. Bxf6 Bxf6 14. Nd2 a5
15. Ngf3 a4 16. Qxd5 cxd5 17. O-O-O a3 18. b3 Ba6 19. e3 Bd3 20. Rh1 Ra6 21.
Ne1 Rc6 22. Nxd3 Rxc3+ 23. Kd1 Rxd3 24. Kc2 e4 25. Nb1 d4 26. Rd1 dxe3 27. Rxd3
exd3+ 28. Kxd3 exf2 29. Ke2 Be7 30. Kxf2 Bb4 31. Ke3 Ke7 32. g4 fxg4 33. Kf4
Kf6 34. Kxg4 g5 35. Kf3 Kf5 0-1

[Event "21. Copenhagen Open  (Politiken Cup)"]
[Site "Copenhagen"]
[Date "1999.07.13"]
[Round "10"]
[White "Schandorff, Lars"]
[Black "Baburin, Alexander"]
[Result "1/2-1/2"]
[WhiteElo "2514"]
[BlackElo "2593"]
[PlyCount "87"]
[EventDate "1999.07.03"]
[EventType "swiss"]
[EventRounds "11"]
[EventCountry "DEN"]
[SourceDate "2004.01.01"]

1. d4 d5 2. c4 dxc4 3. Nf3 a6 4. e3 e6 5. Bxc4 c5 6. O-O Nf6 7. Bb3 cxd4 8.
exd4 Nc6 9. Nc3 Be7 10. Re1 O-O 11. a3 b5 12. d5 exd5 13. Nxd5 Nxd5 14. Bxd5
Bb7 15. Bf4 Bf6 16. Rc1 Rc8 17. b4 Qd7 18. Ng5 Bxg5 19. Bxg5 Rfe8 20. Rxe8+
Rxe8 21. Bf3 Qxd1+ 22. Rxd1 Ba8 23. Bf4 Ne7 24. Bxa8 Rxa8 25. Rd7 Ng6 26. g3
Nxf4 27. gxf4 g6 28. Rd6 a5 29. Rb6 axb4 30. axb4 Rd8 31. Rxb5 Rd4 32. f5 gxf5
33. h3 Kg7 34. Rb6 h5 35. b5 Rb4 36. Kg2 h4 37. Rb8 Kf6 38. b6 Kg5 39. b7 Kf4
40. Rh8 Rxb7 41. Rxh4+ Kg5 42. Rh8 Rb3 43. Rg8+ Kh6 44. Rg3 1/2-1/2

[Event "21. Copenhagen Open  (Politiken Cup)"]
[Site "Copenhagen"]
[Date "1999.07.13"]
[Round "10"]
[White "Schmidt, Horst Hubert"]
[Black "Fant, Goran"]
[Result "1-0"]
[WhiteElo "1672"]
[BlackElo "2066"]
[PlyCount "81"]
[EventDate "1999.07.03"]
[EventType "swiss"]
[EventRounds "11"]
[EventCountry "DEN"]
[SourceDate "2004.01.01"]

1. d4 e6 2. c4 f5 3. Nc3 Nf6 4. g3 Bb4 5. Bg5 O-O 6. Bg2 c6 7. Nf3 Bxc3+ 8.
bxc3 Qa5 9. Qb3 Ne4 10. Rc1 d6 11. O-O Nd7 12. c5 d5 13. Bf4 Qd8 14. Nd2 g5 15.
Nxe4 fxe4 16. Bd6 Rf6 17. f4 g4 18. Be5 Rf5 19. Bxe4 dxe4 20. Qxe6+ Rf7 21.
Qxg4+ Kf8 22. Bd6+ Ke8 23. Qe6+ Re7 24. Qg8+ Nf8 25. Bxe7 Qxe7 26. f5 b6 27.
cxb6 axb6 28. Rf4 Bb7 29. f6 Qe6 30. Qg7 Rb8 31. f7+ Ke7 32. c4 Rc8 33. Qg5+
Kd7 34. Rf6 Qe7 35. Qf5+ Kd8 36. c5 bxc5 37. dxc5 Rc7 38. Rd1+ Rd7 39. Rxd7+
Nxd7 40. f8=Q+ Nxf8 41. Rxf8+ 1-0

[Event "21. Copenhagen Open  (Politiken Cup)"]
[Site "Copenhagen"]
[Date "1999.07.13"]
[Round "10"]
[White "Schmied, Andreas"]
[Black "Hedman, Erik"]
[Result "0-1"]
[WhiteElo "2162"]
[BlackElo "2348"]
[PlyCount "103"]
[EventDate "1999.07.03"]
[EventType "swiss"]
[EventRounds "11"]
[EventCountry "DEN"]
[SourceDate "2004.01.01"]

1. d4 Nf6 2. Nf3 g6 3. Nc3 d5 4. Bf4 Bg7 5. e3 O-O 6. Be2 c5 7. Ne5 Qb6 8. Na4
Qa5+ 9. c3 Nfd7 10. Nxd7 Nxd7 11. O-O c4 12. b4 Qb5 13. Nb2 e5 14. Bg3 f5 15.
f3 exd4 16. exd4 f4 17. Bf2 Nf6 18. Qd2 g5 19. h4 gxh4 20. Qxf4 a5 21. a4 Qe8
22. Qd2 axb4 23. cxb4 c3 24. Qxc3 Qxe2 25. Rfe1 Qa6 26. Re7 Qd6 27. Rae1 h3 28.
Qe3 Rf7 29. Rxf7 Kxf7 30. Nd3 hxg2 31. Qg5 Kg8 32. Bg3 Qd7 33. Be5 h6 34. Qxg2
Qf5 35. Nf4 Qg5 36. a5 Kf7 37. Rc1 Nd7 38. Bxg7 Qxf4 39. Re1 Qg5 40. Qxg5 hxg5
41. Bh8 b6 42. axb6 Nxb6 43. Be5 Nc4 44. Bc7 Bd7 45. Kf2 Ra2+ 46. Kg3 Rb2 47.
Bd8 Be6 48. Bxg5 Rxb4 49. Rh1 Bf5 50. Rh6 Bg6 51. Bf4 Rb1 52. Rh1 0-1

[Event "21. Copenhagen Open  (Politiken Cup)"]
[Site "Copenhagen"]
[Date "1999.07.13"]
[Round "10"]
[White "Schyberg, Brian"]
[Black "Rasmussen, Henning"]
[Result "1/2-1/2"]
[WhiteElo "1954"]
[BlackElo "1802"]
[PlyCount "89"]
[EventDate "1999.07.03"]
[EventType "swiss"]
[EventRounds "11"]
[EventCountry "DEN"]
[SourceDate "2004.01.01"]

1. d4 Nf6 2. Nc3 d5 3. e4 e6 4. Bg5 dxe4 5. Nxe4 Be7 6. Bxf6 Bxf6 7. Nf3 b6 8.
c3 Bb7 9. Bb5+ c6 10. Bd3 Be7 11. Ne5 Nd7 12. f4 Qc7 13. O-O g6 14. Rf3 f5 15.
Nd2 Nxe5 16. fxe5 c5 17. Rf2 Rd8 18. Qa4+ Bc6 19. Qb3 Qd7 20. Bc4 Bd5 21. Rd1
cxd4 22. cxd4 O-O 23. Nf3 Bxc4 24. Qxc4 Rc8 25. Qb3 Rfd8 26. Rc2 Rxc2 27. Qxc2
Rc8 28. Qb3 Kg7 29. h3 Qc6 30. Rd2 Qc1+ 31. Kh2 Qc4 32. Qe3 Qd5 33. b3 h6 34.
Qd3 Rc7 35. Rc2 Rxc2 36. Qxc2 Qd7 37. Qc4 g5 38. a4 Kg6 39. a5 bxa5 40. Qa6 Kg7
41. g4 f4 42. Qxa5 Qb7 43. Qc3 Qe4 44. Kg1 Bd8 45. Kf2 1/2-1/2

[Event "21. Copenhagen Open  (Politiken Cup)"]
[Site "Copenhagen"]
[Date "1999.07.13"]
[Round "10"]
[White "Simonsen, Hans Kristian"]
[Black "Byrn, Carsten"]
[Result "0-1"]
[WhiteElo "1650"]
[BlackElo "2055"]
[PlyCount "102"]
[EventDate "1999.07.03"]
[EventType "swiss"]
[EventRounds "11"]
[EventCountry "DEN"]
[SourceDate "2004.01.01"]

1. e4 c5 2. Nc3 e6 3. Nf3 Nc6 4. d4 cxd4 5. Nxd4 Nf6 6. Ndb5 d6 7. Bf4 e5 8.
Bg5 a6 9. Na3 b5 10. Nd5 Be7 11. Bxf6 Bxf6 12. c3 Bb7 13. Nc2 Nb8 14. Nce3 Nd7
15. g3 O-O 16. Bg2 g6 17. Nxf6+ Nxf6 18. Qd3 Qb6 19. O-O Rad8 20. Rfd1 Bc6 21.
Nd5 Bxd5 22. exd5 Ng4 23. Qd2 f5 24. h3 Nf6 25. Qd3 Rfe8 26. a4 Ra8 27. Qc2 e4
28. Qd2 Nd7 29. Qd4 Qxd4 30. cxd4 bxa4 31. Rxa4 Rec8 32. Bf1 Rc2 33. Rb4 Rb8
34. Rxb8+ Nxb8 35. b3 Kf7 36. Ra1 Rd2 37. Ra4 Kf6 38. Rb4 Nd7 39. Bxa6 g5 40.
Bc8 Nf8 41. Rc4 f4 42. b4 Ng6 43. b5 Rd1+ 44. Kg2 f3+ 45. Kh2 Rd2 46. Kg1 Rd1+
47. Kh2 e3 48. Rc6 exf2 49. Rxd6+ Kg7 50. Rd7+ Kh6 51. h4 Rh1+ 0-1

[Event "21. Copenhagen Open  (Politiken Cup)"]
[Site "Copenhagen"]
[Date "1999.07.13"]
[Round "10"]
[White "Skare, Karl Andre"]
[Black "Hansen, Anders"]
[Result "1-0"]
[WhiteElo "2164"]
[BlackElo "1937"]
[PlyCount "47"]
[EventDate "1999.07.03"]
[EventType "swiss"]
[EventRounds "11"]
[EventCountry "DEN"]
[SourceDate "2004.01.01"]

1. c4 c5 2. Nc3 Nc6 3. g3 g6 4. Bg2 Bg7 5. Nf3 Nf6 6. O-O O-O 7. d4 cxd4 8.
Nxd4 d6 9. Nxc6 bxc6 10. Bxc6 Rb8 11. Bg2 Qa5 12. Qd2 Qb4 13. b3 Be6 14. Rb1
Rfc8 15. Rd1 Qc5 16. Bb2 Ng4 17. Ne4 Qh5 18. h3 Ne5 19. f4 Bh6 20. Qxd6 Nc6 21.
Qd2 Bxh3 22. Qc3 f6 23. Nxf6+ exf6 24. Bd5+ 1-0

[Event "21. Copenhagen Open  (Politiken Cup)"]
[Site "Copenhagen"]
[Date "1999.07.13"]
[Round "10"]
[White "Steindorsson, Sigurour P"]
[Black "Birgisdottir, Ingibjorg Edda"]
[Result "1-0"]
[WhiteElo "2052"]
[BlackElo "1295"]
[PlyCount "55"]
[EventDate "1999.07.03"]
[EventType "swiss"]
[EventRounds "11"]
[EventCountry "DEN"]
[SourceDate "2004.01.01"]

1. c4 c5 2. Nc3 Nc6 3. g3 Nf6 4. Bg2 d6 5. e4 e6 6. Nge2 Be7 7. O-O O-O 8. d3
h6 9. h3 a6 10. f4 Qc7 11. Be3 Rd8 12. Qd2 Kh7 13. g4 e5 14. g5 Ng8 15. Nd5 Qa5
16. Qxa5 Nxa5 17. fxe5 Bxg5 18. Bxg5 hxg5 19. exd6 f6 20. b4 cxb4 21. c5 Nc6
22. Nb6 Rb8 23. d4 Nh6 24. d5 Ne5 25. Rad1 Nhf7 26. Nd4 g6 27. Rxf6 g4 28. Ne6
1-0

[Event "21. Copenhagen Open  (Politiken Cup)"]
[Site "Copenhagen"]
[Date "1999.07.13"]
[Round "10"]
[White "Sylvan, Jacob"]
[Black "Adamski, Jan"]
[Result "1/2-1/2"]
[WhiteElo "2271"]
[BlackElo "2418"]
[PlyCount "52"]
[EventDate "1999.07.03"]
[EventType "swiss"]
[EventRounds "11"]
[EventCountry "DEN"]
[SourceDate "2004.01.01"]

1. e4 c5 2. Nf3 e6 3. d4 cxd4 4. Nxd4 a6 5. Bd3 Nf6 6. O-O d6 7. c4 Bd7 8. Nc3
Nc6 9. Nxc6 Bxc6 10. b3 Be7 11. Bb2 Nd7 12. Nd5 exd5 13. exd5 Bxd5 14. cxd5 O-O
15. Rc1 Bf6 16. Ba3 Qb6 17. Bb1 Rac8 18. Qg4 Rxc1 19. Rxc1 Rd8 20. Qb4 Be5 21.
Qxb6 Nxb6 22. Be4 Rc8 23. Rxc8+ Nxc8 24. g3 g6 25. Kf1 Kf8 26. Ke2 Ke7 1/2-1/2